Online
Catalog

Conocimiento, Memoria, Invención / (Record no. 42242)

MARC details
000 -CABECERA
campo de control de longitud fija 00639nam a2200193 a 4500
001 - NÚMERO DE CONTROL
campo de control 000042753
005 - FECHA Y HORA DE LA ÚLTIMA TRANSACCIÓN
campo de control 20201002040355.0
008 - DATOS DE LONGITUD FIJA--INFORMACIÓN GENERAL
campo de control de longitud fija 140206s1982 sp 000 0 spa d
020 ## - NÚMERO INTERNACIONAL ESTÁNDAR DEL LIBRO
Número Internacional Estándar del Libro 8485501454
040 ## - FUENTE DE LA CATALOGACIÓN
Centro catalogador/agencia de origen DO-SdBNP
Lengua de catalogación spa
Centro/agencia transcriptor BNPHU
082 ## - NÚMERO DE LA CLASIFICACIÓN DECIMAL DEWEY
Número de clasificación xxxxxxx
Número de documento/Ítem xxxxxxx
100 1# - ENTRADA PRINCIPAL--NOMBRE DE PERSONA
Nombre de persona Ramoneda, Josep
9 (RLIN) 70078
245 10 - MENCIÓN DE TÍTULO
Título Conocimiento, Memoria, Invención /
Mención de responsabilidad, etc. Josep Ramoneda, Xavier Rubert de Ventós, Eugenio Trías ; prólogo Jordi Llovet.
260 ## - PUBLICACIÓN, DISTRIBUCIÓN, ETC.
Lugar de publicación, distribución, etc. España :
Nombre del editor, distribuidor, etc. Muchnik,
Fecha de publicación, distribución, etc. 1982.
300 ## - DESCRIPCIÓN FÍSICA
Extensión 142 p. ;
Dimensiones 22 cm.
700 1# - PUNTO DE ACCESO ADICIONAL--NOMBRE DE PERSONA
Nombre de persona Rubert Ventós, Xavier de
9 (RLIN) 70079
700 1# - PUNTO DE ACCESO ADICIONAL--NOMBRE DE PERSONA
Nombre de persona Trías, Eugenio
9 (RLIN) 61659
700 1# - PUNTO DE ACCESO ADICIONAL--NOMBRE DE PERSONA
Nombre de persona Llovet, Jordi
Término indicativo de función/relación pról.
9 (RLIN) 70080
Holdings
Estado de retiro Estado de pérdida Restricciones de uso No para préstamo Código de colección Localización permanente Ubicación/localización actual Ubicación en estantería Fecha de adquisición Número de inventario Total de préstamos Signatura topográfica completa Código de barras Fecha visto por última vez Precio válido a partir de Tipo de ítem Koha
        Monografías: Libros y Folletos General General Orden iniciada 06.02.2014 LF1   xxxxxxx xxxxxxx 42753-10 25.06.2020 25.06.2020 No se presta

Powered by Koha